| 000 | 00891nam a2200181 i 4500 | ||
|---|---|---|---|
| 001 | 184432 | ||
| 003 | ES-MaACL | ||
| 005 | 20230906222208.0 | ||
| 008 | 150826s18371842sp |||| | spa d | ||
| 080 | _a34.096(460) | ||
| 245 | 0 | 0 |
_aColección de las causas más célebres, los mejores modelos de alegatos, acusaciones fiscales, interrogatorios y defensas en lo civil y criminal del foro francés, inglés, español. _nParte española / _cpor una sociedad literaria de amigos colaboradores. |
| 260 |
_a[S.l.] : _b[s.n.], _c1837-1842 ( _eBarcelona : _fImp. de Ignacio Estivill) |
||
| 300 |
_a3 v. ; _c21 cm. |
||
| 530 | _aDisponible en formato digital. | ||
| 650 | 4 |
_aProcesos- _zEspaña. _9157314 |
|
| 852 |
_aES-MaACL _jG-14380-82 _z.- Sello de: "Sociedad literaria de amigos colaboradores" |
||
| 856 |
_uhttp://bdh-rd.bne.es/viewer.vm?id=0000160118&page=1 _zBiblioteca Digital Hispánica |
||
| 999 |
_c184432 _d184432 |
||